Na medida da pessoa humana Estudos de Direito Civil-Constitucional /

Detalles Bibliográficos
Autor principal: Bodin de Moraes, Maria Celina
Formato: eBook
Lenguaje:portugués
Publicado: Rio de Janeiro: Editora Processo, 2016
Materias:
Acceso en línea:Acceso restringido

MARC

LEADER 00000nam a22000007a 4500
005 20220816234844.0
007 cr|||| |||
008 220816s2016 br |||||s|||| 00||0 por d
020 |a 9788593741005 
035 |a 36826 
040 |a vLex 
090 |c 13704  |d 13704 
100 1 |a Bodin de Moraes, Maria Celina 
245 1 2 |a Na medida da pessoa humana  |h [Recurso electrn̤ico] :  |b Estudos de Direito Civil-Constitucional /  |c Maria Celina Bodin de Moraes 
256 |a Servicio en ln̕ea 
260 |a Rio de Janeiro:  |b Editora Processo,  |c 2016 
300 |a 1 recurso electrn̤ico 
500 |a Esta obra ̌dividida em trs̊ partes. A primeira apresenta refexe̳s sobre a metodologia do direito civil-constitucional, a qual foi aprimorada ao longo dos anos, absorvendo infun̊cias do chamado 'ps̤-positivismo'. Para as demais partes, optou-se por nô adotar a divisô cls̀sica das disciplinas do direito civil, mas a divisô segundo princp̕ios fundamentais, componentes da dignidade da pessoa humana - a liberdade e a solidariedade. 
506 1 |a Disponible solo en los productos indicados  |d vLex Global  |d vLex Global (Academic Edition, excluding Law Schools)  |d vLex Global (U.S. Academic Edition, Law Schools)  |d vLex Global (U.S. Academic Edition, excluding Law Schools)  |d vLex Global (Academic Edition, Law Schools) 
650 0 4 |a Derecho Civil  |z Brasil 
650 0 4 |a Persona  |z Brasil 
740 0 |a vLex Libros (Servicio en ln̕ea) 
856 4 0 |u https://app.vlex.com/#/sources/36826  |z Acceso restringido 
942 |c BOOK 
999 0 |a Civil Law 
999 0 |a Person